| 000 | 00391nam a22001577a 4500 | ||
|---|---|---|---|
| 005 | 20180315165608.0 | ||
| 008 | 180315b xxu||||| |||| 00| 0 eng d | ||
| 020 | _a978-0-07-451772-7 | ||
| 041 | _aeng | ||
| 082 | _a628.5 | ||
| 100 |
_aMAHAJAN, S.P. _94194 |
||
| 245 | _aPOLLUTION CONTROLL IN PROCESS INDUSTRIES | ||
| 260 |
_aNEW DELHI _bMc GRAW HILL _c1985 |
||
| 300 | _a273p. | ||
| 942 | _cBK | ||
| 999 |
_c5686 _d5684 |
||